[Event "EU-ch blitz"]
[Site "Tallinn"]
[Date "2016.12.17"]
[Round "1"]
[White "Jankovic, Alojzije"]
[Black "Vahtra, Tuuli"]
[Result "1-0"]
[WhiteElo "2591"]
[BlackElo "2020"]
[PlyCount "41"]
[EventDate "2016.12.17"]
[EventType "swiss (blitz)"]
[EventRounds "26"]
[EventCountry "EST"]
[SourceTitle "CBM 176 Extra"]
[Source "ChessBase"]
[SourceDate "2017.03.02"]
[SourceVersion "1"]
[SourceVersionDate "2017.03.02"]
[SourceQuality "1"]

1. d4 e6 2. c4 d5 3. Nc3 c6 4. Nf3 dxc4 5. a4 Bb4 6. g3 b5 7. Bg2 Bb7 8. 0-0 a6 9. Ne5 Bxc3 10. bxc3 Ne7 11. Ba3 0-0 12. Qc2 f6 13. Nf3 Re8 14. e4 Ng6 15. h4 Nd7 16. h5 Ngf8 17. e5 f5 18. Qc1 Rc8 19. Ng5 c5 20. Bxb7 Rc7 21. Bxa6 1-0

[Event "Viljandi Raud Memorial 49th"]
[Site "Viljandi"]
[Date "2015.07.03"]
[Round "7"]
[White "Smirnov, Artem"]
[Black "Vahtra, Tuuli"]
[Result "1-0"]
[WhiteElo "2448"]
[BlackElo "2025"]
[PlyCount "97"]
[EventDate "2015.06.29"]
[EventType "swiss"]
[EventRounds "9"]
[EventCountry "EST"]
[SourceTitle "CBM 167 Extra"]
[Source "ChessBase"]
[SourceDate "2015.09.14"]
[SourceVersion "1"]
[SourceVersionDate "2015.09.14"]
[SourceQuality "1"]

1. d4 e6 2. c4 d5 3. Nc3 c6 4. Nf3 dxc4 5. a4 Bb4 6. g3 b5 7. Bg2 Bb7 8. 0-0 a6 9. Ne5 f6 10. Nf3 Ne7 11. Bh3 Bc8 12. Na2 Ba5 13. b3 cxb3 14. Qxb3 Qd5 15. Qc2 Qh5 16. Bg2 0-0 17. Ba3 Ra7 18. Bc5 Rd7 19. Nc1 Bc7 20. Nb3 Re8 21. e4 g5 22. Rfe1 Ng6 23. axb5 cxb5 24. d5 Ne5 25. Nxe5 Bxe5 26. Bd4 Bxd4 27. Nxd4 e5 28. Nf5 Rdd8 29. g4 Qg6 30. Red1 Kh8 31. Rac1 Qf7 32. Qc5 Qf8 33. d6 Bd7 34. Qb6 Qf7 35. Rc7 Qe6 36. Rdc1 Rf8 37. Bf3 Rfe8 38. Qe3 a5 39. Kg2 a4 40. h4 Qg8 41. Nh6 Qg6 42. hxg5 fxg5 43. Rh1 Rf8 44. Nf5 Rxf5 45. exf5 Qxd6 46. Qxg5 Rf8 47. Rhc1 Bxf5 48. gxf5 Rg8 49. Rxh7+ 1-0

[Event "Viljandi Raud Memorial 49th"]
[Site "Viljandi"]
[Date "2015.06.30"]
[Round "2"]
[White "Vahtra, Tuuli"]
[Black "Maasik, Liisa"]
[Result "1-0"]
[WhiteElo "2025"]
[BlackElo "1487"]
[PlyCount "117"]
[EventDate "2015.06.29"]
[EventType "swiss"]
[EventRounds "9"]
[EventCountry "EST"]
[SourceTitle "CBM 167 Extra"]
[Source "ChessBase"]
[SourceDate "2015.09.14"]
[SourceVersion "1"]
[SourceVersionDate "2015.09.14"]
[SourceQuality "1"]

1. c4 Nf6 2. Nc3 e6 3. d4 b6 4. a3 Bb7 5. Bg5 Be7 6. Nf3 0-0 7. Bxf6 Bxf6 8. e4 d6 9. Be2 Nc6 10. Qd2 e5 11. d5 Nb8 12. b4 a5 13. Rb1 Bc8 14. Bd3 Bg4 15. Be2 Be7 16. h3 Bh5 17. g4 Bg6 18. h4 f6 19. h5 Be8 20. b5 Nd7 21. Nh4 f5 22. Nxf5 Bg5 23. Qd3 Nc5 24. Qh3 Bd7 25. a4 Qf6 26. Kd1 Rf7 27. Kc2 Bxf5 28. gxf5 Qh6 29. Rbd1 Kf8 30. Qg2 Ke8 31. Bg4 Kd8 32. Qf1 Rf6 33. Qe2 Kc8 34. Kb2 Kb7 35. Ka3 Rf7 36. Nb1 Qf6 37. Rh2 Bf4 38. Rh3 Qg5 39. Nd2 Qh6 40. Nb3 Qg5 41. Nxc5+ bxc5 42. Kb2 Kb6 43. Kc2 Rff8 44. Rhh1 Rf6 45. Rdg1 Qh6 46. Bf3 Rg8 47. Rg4 Re8 48. Rhg1 Re7 49. Qe1 g5 50. fxg6 hxg6 51. Rxg6 Rxg6 52. Rxg6 Qh8 53. Qg1 Rf7 54. Qg4 Rf8 55. Qd7 Rc8 56. Qc6+ Ka7 57. Qa6+ Kb8 58. b6 cxb6 59. Rxd6 1-0

[Event "Australian Masters (Women)"]
[Site "Melbourne"]
[Date "2015.01.20"]
[Round "9"]
[White "Anton, Sarah"]
[Black "Vahtra, Tuuli"]
[Result "1/2-1/2"]
[WhiteElo "1752"]
[BlackElo "2043"]
[PlyCount "51"]
[EventDate "2015.01.12"]
[EventType "tourn"]
[EventRounds "9"]
[EventCountry "AUS"]
[SourceTitle "CBM 164 Extra"]
[Source "ChessBase"]
[SourceDate "2015.03.02"]
[SourceVersion "1"]
[SourceVersionDate "2015.03.02"]
[SourceQuality "1"]

1. e4 e6 2. d4 d5 3. Nc3 Bb4 4. e5 Ne7 5. a3 Bxc3+ 6. bxc3 c5 7. Qg4 Nf5 8. Bd3 h5 9. Qf4 Qh4 10. Nf3 Qxf4 11. Bxf4 c4 12. Bxf5 exf5 13. Rb1 b6 14. h4 Na6 15. Ng5 Nc7 16. a4 Bd7 17. a5 b5 18. 0-0 a6 19. Rfe1 Ne6 20. Nh3 Nd8 21. Bd2 Nc6 22. Ra1 Be6 23. Reb1 Kd7 24. Bc1 Rhc8 25. Nf4 Rh8 26. f3 1/2-1/2

[Event "Australian Masters (Women)"]
[Site "Melbourne"]
[Date "2015.01.19"]
[Round "8"]
[White "Vahtra, Tuuli"]
[Black "Stones, Rebecca"]
[Result "1/2-1/2"]
[WhiteElo "2043"]
[BlackElo "1911"]
[PlyCount "47"]
[EventDate "2015.01.12"]
[EventType "tourn"]
[EventRounds "9"]
[EventCountry "AUS"]
[SourceTitle "CBM 164 Extra"]
[Source "ChessBase"]
[SourceDate "2015.03.02"]
[SourceVersion "1"]
[SourceVersionDate "2015.03.02"]
[SourceQuality "1"]

1. f4 f5 2. b3 b6 3. Nf3 Nf6 4. Bb2 Bb7 5. e3 e6 6. Be2 Be7 7. 0-0 0-0 8. c4 c5 9. Nc3 Nc6 10. d4 cxd4 11. exd4 Ng4 12. Qd2 Rc8 13. Kh1 Bd6 14. h3 Nf6 15. Ne5 Bb4 16. Qe3 Bxc3 17. Bxc3 Ne4 18. Be1 Qe7 19. Bf3 d5 20. Bxe4 dxe4 21. a3 a5 22. Nxc6 Rxc6 23. Kh2 Rfc8 24. Ra2 1/2-1/2

[Event "Australian Masters (Women)"]
[Site "Melbourne"]
[Date "2015.01.14"]
[Round "3"]
[White "Vahtra, Tuuli"]
[Black "Stangl, Anita"]
[Result "1/2-1/2"]
[WhiteElo "2043"]
[BlackElo "2078"]
[PlyCount "29"]
[EventDate "2015.01.12"]
[EventType "tourn"]
[EventRounds "9"]
[EventCountry "AUS"]
[SourceTitle "CBM 164 Extra"]
[Source "ChessBase"]
[SourceDate "2015.03.02"]
[SourceVersion "1"]
[SourceVersionDate "2015.03.02"]
[SourceQuality "1"]

1. f4 e6 2. Nf3 d5 3. e3 Nf6 4. b3 Bd6 5. Bb2 0-0 6. Be2 c5 7. Ne5 Nc6 8. 0-0 Nd7 9. d4 f6 10. Nxd7 Bxd7 11. c4 Ne7 12. Nc3 Nf5 13. Qd2 cxd4 14. exd4 Qa5 15. Kh1 1/2-1/2

[Event "Australian Masters (Women)"]
[Site "Melbourne"]
[Date "2014.01.22"]
[Round "3"]
[White "Vahtra, Tuuli"]
[Black "Stangl, Anita"]
[Result "1-0"]
[WhiteElo "2038"]
[BlackElo "2138"]
[PlyCount "96"]
[EventDate "2014.01.20"]
[EventType "tourn"]
[EventRounds "11"]
[EventCountry "AUS"]
[SourceTitle "EXT 2015"]
[Source "ChessBase"]
[SourceDate "2014.11.20"]
[SourceVersion "1"]
[SourceVersionDate "2014.11.20"]
[SourceQuality "1"]

1. d4 e6 2. c4 d5 3. Nc3 c6 4. cxd5 exd5 5. Qc2 Nf6 6. Bg5 Nbd7 7. e3 Qa5 8. Bd3 b5 9. Rc1 h6 10. Bxf6 Nxf6 11. Nf3 Bd6 12. 0-0 0-0 13. a3 Bg4 14. Nh4 Rfe8 15. h3 Be6 16. Nf5 Bf8 17. g4 Rac8 18. Qe2 b4 19. axb4 Bxb4 20. f4 Rc7 21. Qf3 Bxc3 22. bxc3 Bxf5 23. Bxf5 Rce7 24. Rfe1 Qa3 25. Rc2 c5 26. g5 hxg5 27. fxg5 Nh7 28. Bxh7+ Kxh7 29. Qh5+ Kg8 30. g6 fxg6 31. Qxd5+ Kh7 32. Qxc5 Qxc5 33. dxc5 Rxe3 34. Rxe3 Rxe3 35. Kg2 Re5 36. c4 Rxc5 37. Kf3 a5 38. Ke4 a4 39. Kd4 Ra5 40. c5 a3 41. Ra2 Kg8 42. Kc4 Kf7 43. Kb4 Ra7 44. Rxa3 Rb7+ 45. Kc4 Ke7 46. Rg3 Rb1 47. Rxg6 Rc1+ 48. Kd5 Rd1+ 1-0

[Event "Australian Masters (Women)"]
[Site "Melbourne"]
[Date "2014.01.20"]
[Round "1"]
[White "Vahtra, Tuuli"]
[Black "Sukandar, Irine Kharisma"]
[Result "0-1"]
[WhiteElo "2038"]
[BlackElo "2369"]
[PlyCount "134"]
[EventDate "2014.01.20"]
[EventType "tourn"]
[EventRounds "11"]
[EventCountry "AUS"]
[SourceTitle "EXT 2015"]
[Source "ChessBase"]
[SourceDate "2014.11.20"]
[SourceVersion "1"]
[SourceVersionDate "2014.11.20"]
[SourceQuality "1"]

1. d4 Nf6 2. Bg5 Ne4 3. Bf4 d5 4. Nd2 Bf5 5. Nxe4 Bxe4 6. e3 e6 7. f3 Bg6 8. Bd3 Bd6 9. Ne2 Bxf4 10. Nxf4 Qh4+ 11. g3 Qg5 12. Qe2 Nd7 13. e4 dxe4 14. Bxe4 Qa5+ 15. c3 0-0-0 16. a4 Bxe4 17. fxe4 h5 18. h4 e5 19. b4 Qb6 20. Nd5 Qd6 21. 0-0-0 exd4 22. Rxd4 Qxg3 23. a5 Nf6 24. Qc4 Nxd5 25. exd5 Rh6 26. b5 Qe3+ 27. Kb2 Rg6 28. Rhd1 Rg2+ 29. Kb3 Rd6 30. Qd3 Qxd3 31. R4xd3 Rg4 32. Rh1 Rf6 33. Re3 Kd7 34. Rhe1 Kd6 35. Re7 Rxh4 36. Re8 Kc5 37. R1e7 Kxb5 38. Rxc7 Ka6 39. Ree7 Rh1 40. Rxf7 Rxf7 41. Rxf7 h4 42. Rxg7 h3 43. Rh7 h2 44. Kc4 Kxa5 45. Kc5 a6 46. d6 Ka4 47. c4 Kb3 48. Rh3+ Ka4 49. Rh7 b5 50. d7 Rd1 51. Rxh2 Rxd7 52. cxb5 axb5 53. Rh4+ Ka5 54. Rh8 Rc7+ 55. Kd4 Kb4 56. Rb8 Ka4 57. Kd3 b4 58. Ra8+ Kb3 59. Rb8 Rd7+ 60. Ke2 Kc3 61. Rc8+ Kb2 62. Rc6 b3 63. Rb6 Kc2 64. Rc6+ Kb1 65. Rb6 b2 66. Rb8 Ra7 67. Rc8 Ka1 0-1

[Event "Olympiad Women-40"]
[Site "Istanbul"]
[Date "2012.09.07"]
[Round "10.4"]
[White "Vahtra, Tuuli"]
[Black "Kremer, Nadine"]
[Result "1-0"]
[WhiteElo "2014"]
[BlackElo "1788"]
[PlyCount "47"]
[EventDate "2012.08.28"]
[EventType "team-swiss"]
[EventRounds "11"]
[EventCountry "TUR"]
[SourceTitle "CBM 150 Extra"]
[Source "ChessBase"]
[SourceDate "2012.10.19"]
[SourceVersion "1"]
[SourceVersionDate "2012.10.19"]
[SourceQuality "1"]
[WhiteTeam "Estonia (W)"]
[BlackTeam "Luxembourg (W)"]
[WhiteTeamCountry "EST"]
[BlackTeamCountry "LUX"]

1. c4 e5 2. Nc3 Nc6 3. g3 Nf6 4. Bg2 Bc5 5. a3 a6 6. e3 d6 7. Nge2 0-0 8. 0-0 Bg4 9. h3 Bh5 10. g4 Bg6 11. d4 exd4 12. exd4 Ba7 13. Bg5 h6 14. Bh4 Bh7 15. f4 Na5 16. b3 c6 17. Kh1 Rc8 18. f5 b5 19. Ne4 bxc4 20. Nxf6+ gxf6 21. Qd2 Kg7 22. Nf4 Rh8 23. Nh5+ Kf8 24. Qxh6+ 1-0

[Event "Olympiad Women-40"]
[Site "Istanbul"]
[Date "2012.09.06"]
[Round "9.3"]
[White "Vahtra, Tuuli"]
[Black "Kaya, Emel"]
[Result "1/2-1/2"]
[WhiteElo "2014"]
[BlackElo "1974"]
[PlyCount "101"]
[EventDate "2012.08.28"]
[EventType "team-swiss"]
[EventRounds "11"]
[EventCountry "TUR"]
[SourceTitle "CBM 150 Extra"]
[Source "ChessBase"]
[SourceDate "2012.10.19"]
[SourceVersion "1"]
[SourceVersionDate "2012.10.19"]
[SourceQuality "1"]
[WhiteTeam "Estonia (W)"]
[BlackTeam "Turkey (W)"]
[WhiteTeamCountry "EST"]
[BlackTeamCountry "TUR"]

1. c4 e5 2. Nc3 Nc6 3. g3 Nf6 4. Bg2 Be7 5. d3 0-0 6. e4 Nd4 7. Nge2 c6 8. Nxd4 exd4 9. Ne2 d5 10. h3 dxc4 11. dxc4 Bb4+ 12. Bd2 Bxd2+ 13. Qxd2 c5 14. 0-0 Rb8 15. b4 b6 16. b5 Re8 17. Qd3 Bb7 18. f3 Qe7 19. Nf4 Qd6 20. Kh2 h5 21. h4 Nd7 22. Nxh5 Qh6 23. Nf4 Ne5 24. Qb3 g5 25. Nh3 gxh4 26. g4 Rbd8 27. Rac1 Qd6 28. Kh1 Ng6 29. Qd1 Qg3 30. Qe1 Qxe1 31. Rfxe1 d3 32. Red1 Rd4 33. Rc3 Red8 34. Bf1 Ne5 35. Kg2 Nxc4 36. Rdxd3 Ne5 37. Rxd4 Rxd4 38. a4 Rd2+ 39. Kg1 Ra2 40. Nf2 Rxa4 41. Be2 a5 42. Kg2 Ra2 43. Re3 Ng6 44. Nh3 Ne5 45. Nf4 Ra1 46. Nd5 Ng6 47. Nxb6 Nf4+ 48. Kf2 Nh3+ 49. Kg2 Nf4+ 50. Kf2 Nh3+ 51. Kg2 1/2-1/2

[Event "Olympiad Women-40"]
[Site "Istanbul"]
[Date "2012.09.05"]
[Round "8.3"]
[White "Klinova, Masha"]
[Black "Vahtra, Tuuli"]
[Result "1-0"]
[WhiteElo "2317"]
[BlackElo "2014"]
[PlyCount "61"]
[EventDate "2012.08.28"]
[EventType "team-swiss"]
[EventRounds "11"]
[EventCountry "TUR"]
[SourceTitle "CBM 150 Extra"]
[Source "ChessBase"]
[SourceDate "2012.10.19"]
[SourceVersion "1"]
[SourceVersionDate "2012.10.19"]
[SourceQuality "1"]
[WhiteTeam "Israel (W)"]
[BlackTeam "Estonia (W)"]
[WhiteTeamCountry "ISR"]
[BlackTeamCountry "EST"]

1. e4 e6 2. d4 d5 3. e5 c5 4. c3 Nc6 5. Nf3 Qb6 6. a3 Nh6 7. b4 cxd4 8. cxd4 Nf5 9. Be3 Bd7 10. Bd3 Nxe3 11. fxe3 Be7 12. 0-0 Rc8 13. Nbd2 f6 14. exf6 Bxf6 15. Nb3 0-0 16. Nc5 Qc7 17. Rc1 Qd6 18. Nxb7 Qe7 19. Nc5 Be8 20. b5 Nd8 21. Na6 Rxc1 22. Qxc1 e5 23. dxe5 Bxe5 24. Nxe5 Rxf1+ 25. Bxf1 Qxe5 26. Nb4 Nf7 27. Qc5 h6 28. Nxd5 Qe4 29. Nc3 Qb7 30. Bc4 g6 31. Nd5 1-0

[Event "Olympiad Women-40"]
[Site "Istanbul"]
[Date "2012.08.30"]
[Round "3.4"]
[White "Vahtra, Tuuli"]
[Black "Meyer, Marany"]
[Result "1-0"]
[WhiteElo "2014"]
[BlackElo "2117"]
[PlyCount "76"]
[EventDate "2012.08.28"]
[EventType "team-swiss"]
[EventRounds "11"]
[EventCountry "TUR"]
[SourceTitle "CBM 150 Extra"]
[Source "ChessBase"]
[SourceDate "2012.10.19"]
[SourceVersion "1"]
[SourceVersionDate "2012.10.19"]
[SourceQuality "1"]
[WhiteTeam "Estonia (W)"]
[BlackTeam "New Zealand (W)"]
[WhiteTeamCountry "EST"]
[BlackTeamCountry "NZL"]

1. d4 e6 2. c4 d5 3. cxd5 exd5 4. Nc3 c6 5. Qc2 Bd6 6. Nf3 Ne7 7. Bg5 f6 8. Bh4 Bf5 9. Qd2 Na6 10. e3 Nb4 11. Rc1 Na6 12. Bxa6 bxa6 13. Na4 0-0 14. Bg3 Rb8 15. Nc5 Rb6 16. b3 Bc8 17. 0-0 Bxc5 18. dxc5 Rb7 19. Nd4 Qe8 20. Bd6 Rf7 21. Qa5 Nf5 22. Nxc6 Nxd6 23. cxd6 Rb5 24. Qd8 Bd7 25. Qxe8+ Bxe8 26. Ne7+ Kf8 27. Rc8 Rxe7 28. dxe7+ Kxe7 29. Rfc1 Bd7 30. R8c7 Rb6 31. Rxa7 Rd6 32. f3 h6 33. Kf2 f5 34. Ke2 d4 35. Rd1 dxe3 36. Rxd6 Kxd6 37. Rxa6+ Kc5 38. Kxe3 Kd5 1-0

[Event "Olympiad Women-39"]
[Site "Khanty-Mansiysk"]
[Date "2010.10.01"]
[Round "10.15"]
[White "Vahtra, Tuuli"]
[Black "Lubbe, Melanie"]
[Result "0-1"]
[WhiteElo "1991"]
[BlackElo "2311"]
[PlyCount "76"]
[EventDate "2010.09.21"]
[EventType "team-swiss"]
[EventRounds "11"]
[EventCountry "RUS"]
[SourceTitle "CBM 139"]
[Source "ChessBase"]
[SourceDate "2010.11.18"]
[SourceVersion "1"]
[SourceVersionDate "2010.11.18"]
[SourceQuality "1"]
[WhiteTeam "Estonia (W)"]
[BlackTeam "Germany (W)"]
[WhiteTeamCountry "EST"]
[BlackTeamCountry "GER"]

1. d4 g6 2. e4 Bg7 3. c3 d6 4. f4 Nf6 5. e5 dxe5 6. fxe5 Nd5 7. Bc4 0-0 8. Nf3 Bf5 9. 0-0 c6 10. Qe1 b5 11. Bb3 a5 12. a4 Na6 13. Qh4 Nac7 14. Bh6 f6 15. Bxg7 Kxg7 16. Nbd2 Ne3 17. Rf2 Ncd5 18. Qg3 Be6 19. Nh4 Ng4 20. Bxd5 Qxd5 21. Rf4 Nh6 22. Re1 Rae8 23. exf6+ exf6 24. Rfe4 Nf7 25. Qc7 bxa4 26. c4 Qd7 27. Qxa5 Ng5 28. Rf4 Bf7 29. Ref1 Re2 30. Qc3 Ne6 31. Rg4 h5 32. d5 hxg4 33. Qxf6+ Kh7 34. dxe6 Qxe6 35. Nxg6 Qxf6 36. Rxf6 Kg7 37. Nxf8 Kxf6 38. Nd7+ Ke7 0-1

[Event "EST-ch (Women)"]
[Site "Rakvere"]
[Date "2009.02.24"]
[Round "6"]
[White "Gansvind, Valeriya I"]
[Black "Vahtra, Tuuli"]
[Result "1-0"]
[WhiteElo "2244"]
[BlackElo "1988"]
[PlyCount "125"]
[EventDate "2009.02.20"]
[EventType "tourn"]
[EventRounds "9"]
[EventCountry "EST"]
[SourceTitle "CBM 128 Extra"]
[Source "ChessBase"]
[SourceDate "2009.03.05"]
[SourceVersion "2"]
[SourceVersionDate "2009.03.25"]
[SourceQuality "1"]

1. b3 e6 2. Bb2 d5 3. e3 Nf6 4. f4 b6 5. Nf3 Bb7 6. Ne5 Be7 7. Bb5+ c6 8. Be2 0-0 9. 0-0 c5 10. Qe1 Qd6 11. d3 Nfd7 12. Nd2 f6 13. Ng4 Nc6 14. Qg3 Kh8 15. a3 f5 16. Ne5 Bf6 17. d4 Bxe5 18. fxe5 Qe7 19. h4 Nd8 20. a4 Nf7 21. Nf3 Rg8 22. Ng5 h6 23. Nxf7+ Qxf7 24. Qh2 Kh7 25. h5 Rac8 26. c3 g5 27. hxg6+ Qxg6 28. Rf4 Rg7 29. Bf3 cxd4 30. exd4 Qg5 31. Rd1 Nf8 32. Rh4 Ng6 33. Rh5 Qf4 34. Qxf4 Nxf4 35. Rh4 Ng6 36. Rh2 Ba6 37. Kf2 Ne7 38. Rdh1 Ng8 39. Ke3 Rcc7 40. Kd2 Rg3 41. Ba3 Kg7 42. Bd6 Rc8 43. a5 b5 44. Bc5 Rc7 45. Ke3 Kh7 46. Kf2 Rg5 47. Rh4 Kg7 48. Ke3 Kh7 49. g4 fxg4 50. Rxg4 Kg6 51. Rf4 Kh7 52. Rh3 Rgg7 53. Bg4 Bc8 54. Be2 Ba6 55. Bd3+ Kh8 56. Bf8 Rg1 57. Kf2 Rg5 58. Bxh6 Nxh6 59. Rxh6+ Kg8 60. Rxe6 Rxc3 61. Re8+ Kg7 62. Re7+ Kh8 63. Rf8+ 1-0

[Event "EST-ch (Women)"]
[Site "Rakvere"]
[Date "2009.02.20"]
[Round "1"]
[White "Kyrge, Kersti"]
[Black "Vahtra, Tuuli"]
[Result "0-1"]
[WhiteElo "1868"]
[BlackElo "1988"]
[PlyCount "52"]
[EventDate "2009.02.20"]
[EventType "tourn"]
[EventRounds "9"]
[EventCountry "EST"]
[SourceTitle "CBM 128 Extra"]
[Source "ChessBase"]
[SourceDate "2009.03.05"]
[SourceVersion "2"]
[SourceVersionDate "2009.03.25"]
[SourceQuality "1"]

1. e4 e6 2. d4 d5 3. e5 c5 4. c3 Qb6 5. a3 Nc6 6. Nf3 Nh6 7. b4 cxd4 8. cxd4 Nf5 9. Be3 Bd7 10. Nc3 Nxe3 11. fxe3 Nxb4 12. Be2 Nc6 13. 0-0 Be7 14. Qd3 a6 15. Rab1 Qc7 16. Na4 b5 17. Nc5 Bxc5 18. dxc5 Nxe5 19. Qd4 f6 20. e4 dxe4 21. Qxe4 Qxc5+ 22. Kh1 Bc6 23. Qf4 Bxf3 24. Bxf3 Nxf3 25. Qxf3 0-0 26. Rbc1 Qe7 0-1

[Event "EST-ch U20"]
[Site "Johvi"]
[Date "2009.02.??"]
[Round "6"]
[White "Jezov, Roman"]
[Black "Vahtra, Tuuli"]
[Result "1-0"]
[WhiteElo "2124"]
[BlackElo "1988"]
[PlyCount "57"]
[EventDate "2009.02.04"]
[EventType "tourn"]
[EventRounds "9"]
[EventCountry "EST"]
[SourceTitle "EXT 2018"]
[Source "ChessBase"]
[SourceDate "2017.10.13"]
[SourceVersion "1"]
[SourceVersionDate "2017.10.13"]
[SourceQuality "1"]

1. c4 e6 2. Nf3 d5 3. e3 c6 4. b3 f5 5. Bb2 Nf6 6. Be2 Bd6 7. 0-0 0-0 8. d3 Qc7 9. Qc2 Nbd7 10. h3 e5 11. cxd5 Nxd5 12. Nbd2 N5b6 13. Nc4 Nxc4 14. Qxc4+ Kh8 15. Qc3 Re8 16. Nd2 Nb6 17. e4 f4 18. Rac1 Qe7 19. d4 Bb4 20. Qc2 exd4 21. Bxd4 Bxd2 22. Qxd2 Rd8 23. Rfd1 Rf8 24. Bc5 Qg5 25. Bxf8 Bxh3 26. Bxg7+ Kg8 27. Bf3 Qxg7 28. Qxf4 Rf8 29. Qg3 1-0

[Event "EST-ch U20"]
[Site "Johvi"]
[Date "2009.02.??"]
[Round "5"]
[White "Vahtra, Tuuli"]
[Black "Kunitson, Nikolai"]
[Result "1/2-1/2"]
[WhiteElo "1988"]
[BlackElo "2065"]
[PlyCount "23"]
[EventDate "2009.02.04"]
[EventType "tourn"]
[EventRounds "9"]
[EventCountry "EST"]
[SourceTitle "EXT 2018"]
[Source "ChessBase"]
[SourceDate "2017.10.13"]
[SourceVersion "1"]
[SourceVersionDate "2017.10.13"]
[SourceQuality "1"]

1. d4 d5 2. c4 c6 3. cxd5 cxd5 4. Nc3 Nc6 5. Nf3 Nf6 6. Bf4 Bf5 7. e3 e6 8. Qb3 Bb4 9. Bb5 0-0 10. Bxc6 Bxc3+ 11. Qxc3 Rc8 12. Ne5 1/2-1/2

[Event "EST-ch U20"]
[Site "Johvi"]
[Date "2009.02.??"]
[Round "3"]
[White "Vahtra, Tuuli"]
[Black "Sarapik, Kristjan"]
[Result "1-0"]
[WhiteElo "1988"]
[BlackElo "2030"]
[PlyCount "81"]
[EventDate "2009.02.04"]
[EventType "tourn"]
[EventRounds "9"]
[EventCountry "EST"]
[SourceTitle "EXT 2018"]
[Source "ChessBase"]
[SourceDate "2017.10.13"]
[SourceVersion "1"]
[SourceVersionDate "2017.10.13"]
[SourceQuality "1"]

1. c4 Nf6 2. Nc3 g6 3. e4 d6 4. g3 Bg7 5. Bg2 c5 6. Nge2 Nc6 7. d3 h5 8. h4 Nd4 9. f3 a6 10. Nxd4 cxd4 11. Ne2 e5 12. b4 Bd7 13. a4 b5 14. axb5 axb5 15. Bd2 0-0 16. 0-0 Qb6 17. Kh2 Be6 18. Qb3 Rxa1 19. Rxa1 Rc8 20. Rc1 Qc7 21. Bh3 bxc4 22. dxc4 Bxh3 23. Kxh3 Kh7 24. Kg2 Qb7 25. Qd3 Nd7 26. Rc2 Rf8 27. c5 dxc5 28. bxc5 Qc6 29. Nc1 f5 30. Bb4 Nf6 31. exf5 Ng4 32. fxg6+ Kh8 33. Bd2 Ne3+ 34. Bxe3 Rxf3 35. Kh2 e4 36. Qd1 Rxe3 37. Qxh5+ Kg8 38. Rb2 Qc7 39. Qd5+ Kf8 40. Rb8+ Ke7 41. Qf7# 1-0

[Event "EST-ch U20"]
[Site "Johvi"]
[Date "2009.02.??"]
[Round "9"]
[White "Valner, Uku"]
[Black "Vahtra, Tuuli"]
[Result "1-0"]
[WhiteElo "2160"]
[BlackElo "1988"]
[PlyCount "95"]
[EventDate "2009.02.04"]
[EventType "tourn"]
[EventRounds "9"]
[EventCountry "EST"]
[SourceTitle "EXT 2018"]
[Source "ChessBase"]
[SourceDate "2017.10.13"]
[SourceVersion "1"]
[SourceVersionDate "2017.10.13"]
[SourceQuality "1"]

1. e4 e6 2. d4 d5 3. Nc3 Bb4 4. e5 c5 5. a3 Bxc3+ 6. bxc3 Ne7 7. Qg4 cxd4 8. Qxg7 Rg8 9. Qxh7 Qc7 10. Ne2 Nbc6 11. f4 Bd7 12. Qd3 dxc3 13. Qxc3 Nf5 14. h4 d4 15. Qc5 0-0-0 16. h5 Rg4 17. Bd2 f6 18. exf6 Nd6 19. h6 Ne4 20. Qc4 Nxf6 21. h7 Rh8 22. Nxd4 Rxf4 23. Bxf4 Qxf4 24. Nf3 Qe3+ 25. Be2 Ne4 26. Rh4 Qf2+ 27. Kd1 Ng3 28. Kd2 Nf5 29. Qc3 e5 30. Rf1 Qg3 31. Re4 Rxh7 32. Kc1 Qxg2 33. Rxe5 Ng3 34. Re1 Nxe2+ 35. R5xe2 Qg3 36. Re3 Qf4 37. Kb2 Rh5 38. Ne5 Rh7 39. Rf3 Qg5 40. Rg3 Qf4 41. Ng6 Qd6 42. Rf1 b5 43. Rf6 Qc7 44. Nf8 Rh4 45. Nxd7 Rc4 46. Rg8+ Nd8 47. Qd3 Qxd7 48. Rd6 1-0

[Event "Olympiad Women-38"]
[Site "Dresden"]
[Date "2008.11.21"]
[Round "8"]
[White "Vahtra, Tuuli"]
[Black "Hoolt, Sarah"]
[Result "1-0"]
[WhiteElo "1961"]
[BlackElo "2274"]
[PlyCount "85"]
[EventDate "2008.11.13"]
[EventType "team-swiss"]
[EventRounds "11"]
[EventCountry "GER"]
[SourceTitle "CBM 128"]
[Source "ChessBase"]
[SourceDate "2009.01.28"]
[SourceVersion "1"]
[SourceVersionDate "2009.01.28"]
[SourceQuality "1"]
[WhiteTeam "Estonia (W)"]
[BlackTeam "Germany (W)"]
[WhiteTeamCountry "EST"]
[BlackTeamCountry "GER"]

1. d4 Nf6 2. Bg5 d5 3. Bxf6 exf6 4. e3 Bd6 5. c4 dxc4 6. Bxc4 f5 7. Nc3 0-0 8. Nf3 Nd7 9. Qc2 Nf6 10. h4 g6 11. 0-0-0 c6 12. Bd3 Qa5 13. h5 Be6 14. hxg6 hxg6 15. Kb1 Kg7 16. Ng5 Bb4 17. Nxe6+ fxe6 18. Ne2 Rae8 19. Qb3 Qb6 20. Bc4 Nd5 21. Qd3 Bd6 22. e4 Nf4 23. Nxf4 Bxf4 24. g3 Bg5 25. f4 Bf6 26. e5 Bd8 27. Rh2 Qb4 28. Rdh1 Rh8 29. Rxh8 Rxh8 30. Rxh8 Kxh8 31. Bxe6 Bb6 32. d5 cxd5 33. Bxd5 Bd4 34. Qe2 b6 35. a3 Qc5 36. Bb3 Kg7 37. Qf3 Qb5 38. Qb7+ Kh6 39. Qh1+ Kg7 40. Qb7+ Kh6 41. Qb8 Qf1+ 42. Ka2 Kh5 43. Qd8 1-0

[Event "WMSG Rapid Team 1st (Women)"]
[Site "Beijing"]
[Date "2008.10.16"]
[Round "8"]
[White "Arnetta, Marianna"]
[Black "Vahtra, Tuuli"]
[Result "0-1"]
[WhiteElo "2000"]
[BlackElo "1961"]
[PlyCount "74"]
[EventDate "2008.10.14"]
[EventType "team (rapid)"]
[EventRounds "9"]
[EventCountry "CHN"]
[SourceTitle "CBM 126 Extra"]
[Source "ChessBase"]
[SourceDate "2008.11.05"]
[SourceVersion "1"]
[SourceVersionDate "2008.11.05"]
[SourceQuality "1"]

1. e4 e6 2. d4 d5 3. exd5 exd5 4. Nf3 Bd6 5. Bd3 Bg4 6. c3 c6 7. 0-0 Qc7 8. h3 Bh5 9. Re1+ Ne7 10. Be3 Nd7 11. Nbd2 0-0-0 12. b4 f6 13. b5 g5 14. bxc6 Nxc6 15. c4 dxc4 16. Nxc4 Bb4 17. Rf1 Kb8 18. d5 Nce5 19. Ncxe5 Nxe5 20. g4 Bf7 21. Nxe5 Qxe5 22. Bxa7+ Kxa7 23. Qa4+ Kb8 24. Qxb4 Bxd5 25. Rab1 Bc6 26. Rfe1 Qd4 27. Qxd4 Rxd4 28. Bf5 h5 29. Rbd1 Ra4 30. Kf1 Bf3 31. Rd3 hxg4 32. Bxg4 Bxg4 33. hxg4 Rh1+ 34. Ke2 Rxa2+ 35. Rd2 Rxd2+ 36. Kxd2 Rxe1 37. Kxe1 Kc7 0-1